00434nam a2200145 a 450000500170000000800410001702000180005805000220007610000180009824500790011626000300019530000230022544000220024865000180027020140412111317.0010321s19uu xx 00 eng d a0-7235-7772-2 aM 423.1bF47 19_? aFilipek, Nina aMy book of words /cwritten by Nina Filipek ; illustrated by Edgar Hodges. a[s.l.] :b[s.n.],c[n.d.] a1 v. (unp.) ; ill. aA Little Owl Book aBook of words